Βουδισμός : η ινδική περίοδος

Αποθηκεύτηκε σε:
Λεπτομέρειες βιβλιογραφικής εγγραφής
Κύριος συγγραφέας: Παπαλεξανδρόπουλος Στυλιανός Λ.
Μορφή: Βιβλίο
Γλώσσα:Greek
Δημοσίευση: Αθήνα : Gutenberg, 2015.
Θέματα:
Ετικέτες: Προσθήκη ετικέτας
Δεν υπάρχουν, Καταχωρήστε ετικέτα πρώτοι!

MARC

LEADER 00000cam a2200000 a 4500
001 1/123062
008 210527s2015####gr ||||||| |||| ||gre||
020 |a 9789600116953 
040 |a GR-MyUa  |b gre  |c GR-MyUa  |e AACR2 
041 0 |a gre 
082 7 |a 294.3  |2 (23) 
100 1 |a Παπαλεξανδρόπουλος Στυλιανός Λ. 
245 1 0 |a Βουδισμός :   |b η ινδική περίοδος /   |c Σ. Παπαλεξανδρόπουλος.  
260 |a Αθήνα :   |b Gutenberg,   |c 2015.  
300 |a 133 σ. ;   |c 24 εκ.  
504 |a Περιλαμβάνει βιβλιογραφικές παραπομπές.  
650 0 |a Buddhism. 
852 |a INST  |b LESVOS  |c EUDOXUS  |e 20210527  |h 294.3 ΠΑΠ  |p 005100063341  |q 005100063341  |t EDX  |y 0 
920 |a Εύδοξος  |b Παραγγελία  |y Λέσβος-ΤΚΑΙ  |z 2021-05 
970 |a Καμάτσου  |b Δέσποινα  |z 27-05-2021